| 000 | 01271ncm a2200361 c 4500 | ||
|---|---|---|---|
| 003 | BLK | ||
| 005 | 20240813005352.0 | ||
| 008 | 180414b bul |a|er|||| |0| c|bulo| | ||
| 010 | _aNOT00004096000 | ||
| 040 | _aBLK | ||
| 041 |
_aBUL _cBUL |
||
| 080 |
_aФлейта _b788.5 _x _z788.5 |
||
| 080 |
_aТрио за дървени духови инструменти _b785.73:788.5/.8 _x _z785.73:788.5/.8 |
||
| 100 |
_aБах, Йохан Себастиан _9248172 |
||
| 700 | 1 |
_aКадиева, Пенка _eред. _9389279 |
|
| 139 |
_aБах, Йохан Себастиан _bБ 30 |
||
| 245 | 1 | 0 |
_aПетнадесет тригласни инвенции за три флейти _cЙохан Себастиан Бах; ред. Пенка Кадиева. |
| 254 | _aЩимове | ||
| 257 | _aDEU | ||
| 260 |
_аСофия _bНаука и изкуство _c1968 |
||
| 300 |
_c31 см _e3 щима |
||
| 380 | _a7 | ||
| 650 | 4 |
_aТрио - духово _9362982 |
|
| 653 | _aфлейта | ||
| 653 | _aтриа | ||
| 653 | _aдухово трио | ||
| 852 |
_aЦб М ІІ 4459 _p0 |
||
| 856 | 4 |
_qpdf _u |
|
| 856 | 4 |
_qpdf _u |
|
| 942 |
_cNOT _n0 |
||
| 944 |
_aCR _c05.10.2017 _k _lCRON CRON |
||
| 944 |
_aED _c05.10.2017 _kИрена_Линкова |
||
| 999 |
_c322018 _d322018 |
||